The Weeknd Quiz - Statistics

General Stats
  • This quiz has been taken 308 times
  • The average score is 19 of 23
Answer Stats
Hint Answer % Correct
2016 Starboy
95%
2016 Starboy
95%
2019 Blinding Lights
93%
2020 After Hours
92%
2025 Hurry Up Tomorrow
92%
His Home Country Canada
91%
2022 Dawn FM
91%
His Real Name Abel Tesfaye
87%
2011 House Of Balloons
86%
2013 Kiss Land
86%
2015 Beauty Behind The Madness
84%
2018 My Dear Melancholy
84%
His Label XO
83%
2011 Thursday
82%
2015 The Hills
81%
His Home Town Toronto
81%
2012 Trilogy
81%
2020 Save Your Tears (Ariana Grande)
77%
2011 Echoes Of Silence
75%
2015 Can't Feel My Face
69%
French duo with who he collabed Daft Punk
65%
2016 Die For You (Ariana Grande)
64%
2019 Heartless
59%
No matching quizzes found
Score Distribution
Percent of People with Each Score
Percentile by Number Answered
Your Score History
You have not taken this quiz